01186nam a2200241Ia 4500003000400000005001700004008004100021040002100062041000800083082002400091100005700115245008600172260006700258300003400325490005400359500003700413504003300450505027000483650004600753942001200799999001500811952011800826OSt20210426142031.0210310s1993 ck gr 000 0 spa d aCO-JMCRcCO-JMCR0 aspa04a336.24 /bH558i2231 aHernández Cifuentes, Elsa Marcela, 915110eautora13aEl impuesto sobre la renta : bdepuración / cElsa Marcela Hernandez Cifuentes aBogotá : bEscuela de Impuestos y Aduanas Nacionales, c1993 bvii, 145 páginas ; c28 cm.0 aColección de textos autoformativos participemos aIncluye notas a pie de página. aBibliografía: página 1450 aParte generalidades -- Estructura actual del impuesto sobre la renta en Colombia -- Proceso de depuración de la renta -- Ingresos -- Egresos netos -- Renta bruta -- Renta liquida -- Rentas exentas -- Renta gravable o base gravable -- Tarifas del impuesto de renta14aImpuestos sobre la renta915112zColombia 2ddccBK c7671d7671 00102ddc40708NFICaCPLbCPLd2018-04-15eDonacióno336.24 / H558ip430003434r2024-05-16 00:00:00tEj.1yBK